Strategic thinking and strategic approach in small and middle-sized manufacturing firms

Malé a stredné podniky (MSP) v meniacom sa prostredí. Potreba strategického myslenia v súčasných malých a stredných podnikoch. Výhoda súťaživosti v MSP. MSP a podniková stratégia. Koncepcia strategického podnikania v strategickom manažmente MSP. MSP a tvorba dlhodobej výhody konkurencieschopnosti. K...

Descrizione completa

Salvato in:
Dettagli Bibliografici
Autore principale: Papula, Ján
Altri autori: Papulová, Emília
Natura: Capitolo di libro
Lingua:inglese
Soggetti:
Tags: Aggiungi Tag
Nessun Tag, puoi essere il primo ad aggiungerne!!

MARC

LEADER 00000naa a2200000 4500
001 0132567
005 20240502072512.3
041 0 |a eng 
044 |a SK 
245 1 0 |a Strategic thinking and strategic approach in small and middle-sized manufacturing firms  |c Ján Papula, Emília Papulová 
520 |a Malé a stredné podniky (MSP) v meniacom sa prostredí. Potreba strategického myslenia v súčasných malých a stredných podnikoch. Výhoda súťaživosti v MSP. MSP a podniková stratégia. Koncepcia strategického podnikania v strategickom manažmente MSP. MSP a tvorba dlhodobej výhody konkurencieschopnosti. Kritické zdroje môžu ovplyvniť výhody v MSP. 
610 2 0 |a podnik malý 
610 2 0 |a podnik stredný 
610 2 0 |a stratégia podniková 
610 2 0 |a výhody konkurenčné 
610 2 0 |a konkurencieschopnosť 
100 1 |a Papula, Ján 
700 1 |a Papulová, Emília